Direito de energia & r̀eas afins Volume III

Bibliographic Details
Main Author: de Sousa Soares, Cristiana Nepomuceno
Other Authors: Toscano, Renata
Format: eBook
Language:Portuguese
Published: Rio de Janeiro: Synergia Editora, 2019
Subjects:
Online Access:Acceso restringido

MARC

LEADER 00000nam a22000007a 4500
005 20190823123232.0
007 cr|||| ||||
008 190823s2019 br |||||s|||| 00||0 por d
020 |a 978-85-68483-98-5 
035 |a 24105 
040 |a vLex 
090 |c 9266  |d 9266 
100 1 |a de Sousa Soares, Cristiana Nepomuceno 
245 1 0 |a Direito de energia & r̀eas afins  |h [Recurso electrn̤ico] /  |c Cristiana Nepomuceno de Sousa Soares, Renata Toscano  |n Volume III 
256 |a Servicio en ln̕ea 
260 |a Rio de Janeiro:  |b Synergia Editora,  |c 2019 
300 |a 1 recurso electrn̤ico 
500 |a O Direito da Energia ̌um dos ramos mais novos do Direito, mas tem tido crescimento exponencial. A busca por novas matrizes energťicas tem desafiado o direito, com a necessidade de regulamentaȯ̂, exigindo uma anl̀ise multidisciplinar para solucionar situaė̳s concretas com seguranȧ jurd̕ica. A transdisciplinaridade revelada nos artigos que compe̳m esta obra torna o estudo do Direito da Energia importants̕simo para os profissionais do direito, especialmente aqueles que tm̊ a sua atuaȯ̂ relacionada com o empreendedorismo norteado pelo Princp̕io do Desenvolvimento Sustentv̀el. As coordenadoras da obra sô integrantes da Comissô de Direito de Energia da OAB/MG, com larga experin̊cia, conciliando a academia com o exercc̕io da advocacia, o que j ̀d ̀ao livro a garantia de que a teoria estar ̀acompanhada da vivn̊cia prt̀ica profissional. Alm̌ disso, a obra ̌escrita por profissionais j ̀consagrados, que transmitem ao leitor suas respectivas experin̊cias jurd̕icas. Com linguagem clara e conted︢o denso, esta coletńea ser ̀muito t︢il para os profissionais do Direito, que terô neste livro uma excepcional refern̊cia para sua atuaȯ̂. Os leitores, acadm̊icos e profissionais do direito, tm̊ aqui uma excelente obra! 
506 1 |a Disponible solo en los productos indicados  |d vLex Global  |d vLex Global (Academic Edition, excluding Law Schools)  |d vLex Global (U.S. Academic Edition, Law Schools)  |d vLex Global (U.S. Academic Edition, excluding Law Schools)  |d vLex Global (Academic Edition, Law Schools) 
650 0 4 |a Energa̕  |z Brasil 
700 1 |a Toscano, Renata 
740 0 |a vLex Libros (Servicio en ln̕ea) 
856 4 0 |u http://vlex.com/source/direito-de-energia-areas-afins-volume-iii-24105  |z Acceso restringido 
942 |c BOOK 
999 0 |a Energy